Comprehensive Dictionary Of Education/ (Record no. 207402)
[ view plain ]
| 000 -LEADER | |
|---|---|
| fixed length control field | 00566nam a22001937a 4500 |
| 005 - DATE AND TIME OF LATEST TRANSACTION | |
| control field | 20241204141649.0 |
| 010 ## - LCCN (DPL NO) | |
| LC control number | ENG-142539 |
| 020 ## - INTERNATIONAL STANDARD BOOK NUMBER | |
| Terms of availability | 395.00 |
| International Standard Book Number | 9788192190615 |
| 035 ## - SYSTEM CONTROL NUMBER | |
| System control number | EN-126071 |
| 037 ## - SOURCE OF ACQUISITION | |
| Source of stock number/acquisition | DBAD/PUB |
| 082 ## - DEWEY DECIMAL CLASSIFICATION NUMBER | |
| Classification number | 371.2 |
| Edition number | 1 |
| 100 ## - MAIN ENTRY--PERSONAL NAME | |
| Personal name | price, Nancy |
| 245 ## - TITLE STATEMENT | |
| Title | Comprehensive Dictionary Of Education/ |
| Statement of responsibility, etc | By Nancy Price |
| 250 ## - EDITION STATEMENT | |
| Edition statement | First |
| 260 ## - PUBLICATION, DISTRIBUTION, ETC. (IMPRINT) | |
| Place of publication, distribution, etc | Chandigarh |
| Name of publisher, distributor, etc | K.C Publishers |
| 270 ## - ADDRESS | |
| City | Chandigarh |
| Address | S.C.O. 57-59, Sector-17C Basement, Chandigarh |
| 300 ## - PHYSICAL DESCRIPTION | |
| Extent | 200p. |
| Dimensions | 23cm(Hbk) |
| 942 ## - ADDED ENTRY ELEMENTS (KOHA) | |
| Source of classification or shelving scheme | Dewey Decimal Classification |
| Item type | English Books |
| Classification part | 371.2 |
| Call number suffix | NAN |
| Withdrawn status | Lost status | Not for loan | Collection code | Home library | Current library | Date acquired | Source of acquisition | Cost, normal purchase price | Full call number | Barcode | Copy number | Cost, replacement price | Koha item type |
|---|---|---|---|---|---|---|---|---|---|---|---|---|---|
| Non-fiction | R.K.Puram-8 | R.K.Puram-8 | 04/12/2024 | DBAD | 395.00 | 371.2 NAN | EN-126071 | 1 | 395.00 | English Books |
